00478nam a2200145Ia 4500008004100000020001500041041000800056082001500064100002200079245013300101250000600234260004400240300001100284650003700295210716s2011 xx 000 0 und d a8172240678 aeng a657.3 HELE aHelfert, Erich A. aTechniques of financial analysis: practical guide to applied managerial finance.bPractical guide to applied managerial finance. a1 aNew DelhibJaico Publishing Housec2011 axv,506 aFinancial Reporting and Analyais